| 000 | 01919cam a2200325 i 4500 | ||
|---|---|---|---|
| 999 |
_c8837 _d8837 |
||
| 001 | 882191387 | ||
| 003 | OCoLC | ||
| 005 | 20241126110659.0 | ||
| 008 | 141203s2015 miu b 000 0 eng | ||
| 010 | _a2014035217 | ||
| 020 |
_a9780310516590 _q(softcover) |
||
| 020 |
_a0310516595 _q(softcover) |
||
| 035 | _a(OCoLC)882191387 | ||
| 040 |
_aDLC _beng _erda _cDLC _dBTCTA _dBDX _dOCLCF _dYDXCP _dAUTTC _dCNTCS _dOCLCQ _dT3V |
||
| 042 | _apcc | ||
| 050 | 0 | 0 |
_aBS2545.P45 _bC76 2015 |
| 082 | 0 | 0 |
_a253 _223 _bCRO |
| 100 | 1 |
_aCroft, Brian. _915540 |
|
| 245 | 1 | 4 |
_aThe pastor's ministry : _bbiblical priorities for faithful shepherds / _cBrian Croft ; foreword by H.B. Charles Jr. |
| 264 | 1 |
_aGrand Rapids, Michigan : _bZondervan, _c[2015] |
|
| 300 |
_a185 pages ; _c21 cm |
||
| 336 |
_atext _btxt _2rdacontent |
||
| 337 |
_aunmediated _bn _2rdamedia |
||
| 338 |
_avolume _bnc _2rdacarrier |
||
| 504 | _aIncludes bibliographical references. | ||
| 505 | 0 | _aFoundation -- Guard the truth -- Preach the word -- Pray for the flock -- Focus -- Set an example -- Visit the sick -- Comfort the grieving -- Care for widows -- Faithfulness -- Confront sin -- Encourage the weaker brother or sister -- Identify and train leaders. | |
| 520 | _aEvery pastor struggles with demands for his time, and how to determine priorities in ministry. Some choose to respond to the most urgent needs, while others seek a more balanced and intentional approach. But what determines these priorities? Where should a busy pastor look for wisdom in making decisions? In the Pastor's Ministry, pastor and author Brian Croft looks to the Scriptures to determine the top ten priorities for a faithful pastoral ministry. These biblically rooted responsibilities help pastors determine how to spend their time and with greater discernment respond to the demands of the church. | ||
| 650 | 0 |
_aPastoral theology _xBiblical teaching. _915541 |
|
| 942 |
_2ddc _cBK _05 |
||